Click The Correct Number (1-25) - Statistics

General Stats
  • This quiz has been taken 92 times
  • The average score is 13 of 25
Answer Stats
Hint Answer % Correct
Working _ to 5 9
85%
5² = __ 25
80%
Summer Olympics occur every _ years 4
80%
X in Roman numerals 10
78%
COVID-__ 19
78%
__/7/365 24
73%
Pentagram has this many points 5
73%
Years WW2 lasted 6
61%
Number of Harry Potter novels 7
61%
Apostles of Jesus 12
59%
The __ Colonies 13
59%
__ Jump Street 21
59%
Total players in a football game 22
47%
Octopus hearts 3
47%
Doubly landlocked countries 2
44%
__ pipers piping 11
42%
Neighbors of Russia 14
39%
Michael Jordan's famous jersey number 23
34%
Canadian NBA Teams 1
32%
Syllables in a haiku 17
32%
Lucky number in China 8
32%
The Ides of March is on this day 15
31%
Romeo was __ while Juliet was just 13 16
22%
Monasteries of Mount Athos 20
10%
Periodic table groups 18
8%
No matching quizzes found
Score Distribution
Percent of People with Each Score
Percentile by Number Answered
Your Score History
You have not taken this quiz